00750nam a2200217 4500999001900000003000500019005001700024008004100041020001800082040000600100082001600106100002800122245005300150260004700203300002500250500006400275501000800339650005700347942001800404952011000422 c330554d330554NUST20170719172458.0170719b xxu||||| |||| 00| 0 eng d a9788131726792 c0 a621.382 HAN aHanson, George W.93468 aFundamentals of NanoelectronicscGeorge W.Hanson aNew Delhi, IndiabPearson Educationsc2009 axiv, 385 p. bill. ; aIncludes bibliographical references (p. 372-380) and index. aP.B a1. Molecular electronics. 2. Nanoelectronics.93469 cBK2ddckIESE 00102ddc40708NFICaIESEbIESEcGENd2017-07-19l0o621.382 HANpIESE-2948r2017-07-19w2017-07-19yBK